[Event "GER-ch U10"]
[Site "Willingen"]
[Date "2024.05.24"]
[Round "10"]
[White "Elli, Emeric"]
[Black "Chychkan, Pavlo"]
[Result "1-0"]
[WhiteElo "1164"]
[BlackElo "1323"]
[PlyCount "57"]
[EventDate "2024.05.19"]
[EventType "swiss"]
[EventRounds "11"]
[EventCountry "GER"]
[SourceTitle "CBM 220 Extra"]
[Source "ChessBase"]
[SourceDate "2024.07.31"]
[SourceVersion "1"]
[SourceVersionDate "2024.07.31"]
[SourceQuality "1"]

1. e4 e5 2. Nf3 Nc6 3. Bc4 Bc5 4. Nc3 Nf6 5. d3 d6 6. Bg5 Be6 7. Bb3 h6 8. Be3 Nd7 9. d4 Bb6 10. d5 Bxd5 11. Nxd5 Ne7 12. Nxb6 axb6 13. Qd2 Nf6 14. h3 Nxe4 15. Qd3 Nf6 16. 0-0-0 0-0 17. Qd2 Qd7 18. Nxe5 Qb5 19. Nc4 Qc6 20. Rhg1 Qe4 21. Rde1 Qc6 22. g4 Rfd8 23. Bxh6 gxh6 24. Rxe7 Nd5 25. Ree1 Qc5 26. Qxh6 Qxf2 27. Qg5+ Kf8 28. Qxd5 Re8 29. Ref1 1-0

[Event "GER-ch U10"]
[Site "Willingen"]
[Date "2024.05.23"]
[Round "8"]
[White "Juengling, Leonard"]
[Black "Chychkan, Pavlo"]
[Result "0-1"]
[WhiteElo "1446"]
[BlackElo "1323"]
[PlyCount "36"]
[EventDate "2024.05.19"]
[EventType "swiss"]
[EventRounds "11"]
[EventCountry "GER"]
[SourceTitle "CBM 220 Extra"]
[Source "ChessBase"]
[SourceDate "2024.07.31"]
[SourceVersion "1"]
[SourceVersionDate "2024.07.31"]
[SourceQuality "1"]

1. e4 e5 2. Nc3 Nf6 3. f4 exf4 4. Nf3 Nh5 5. d4 g5 6. g3 fxg3 7. Bxg5 Be7 8. Bxe7 Qxe7 9. Bc4 d6 10. Qe2 Nc6 11. 0-0-0 a6 12. d5 Ne5 13. Nxe5 Qxe5 14. Rdf1 Nf4 15. Qf3 g2 16. Qxf4 Qxf4+ 17. Rxf4 gxh1Q+ 18. Nd1 Bd7 0-1

[Event "GER-ch U10"]
[Site "Willingen"]
[Date "2024.05.20"]
[Round "3"]
[White "Chychkan, Pavlo"]
[Black "Koebel, John"]
[Result "1-0"]
[WhiteElo "1323"]
[BlackElo "1110"]
[PlyCount "43"]
[EventDate "2024.05.19"]
[EventType "swiss"]
[EventRounds "11"]
[EventCountry "GER"]
[SourceTitle "CBM 220 Extra"]
[Source "ChessBase"]
[SourceDate "2024.07.31"]
[SourceVersion "1"]
[SourceVersionDate "2024.07.31"]
[SourceQuality "1"]

1. e4 c5 2. Nf3 e6 3. d4 cxd4 4. Nxd4 Nc6 5. Nc3 a6 6. Be2 Qc7 7. 0-0 Nf6 8. Be3 b6 9. f4 d6 10. Kh1 Be7 11. a4 Bb7 12. Bf3 Nxd4 13. Bxd4 e5 14. fxe5 dxe5 15. Be3 Rd8 16. Qe2 Bc5 17. Bxc5 Qxc5 18. Bh5 Nxh5 19. Qxh5 g6 20. Qg5 Qd4 21. Qf6 Rf8 22. Rad1 1-0